| 000 | 00835nam a2200289Ia 4500 | ||
|---|---|---|---|
| 008 | 160803s9999 xx 000 0 und d | ||
| 020 | _a978-0670848744 | ||
| 100 | _aKudlinski, Kathleen | ||
| 245 | _aEarthquake! : a story of old San Francisco / | ||
| 245 | _cby Kathleen V. Kudlinski ; illustrated by Ronald Himler. | ||
| 260 | _aNew York : | ||
| 260 | _bScholastic Inc. | ||
| 260 | _c1995 | ||
| 300 | _a56 pages : | ||
| 300 | _billustrations ; | ||
| 300 | _c22 cm. | ||
| 440 | _aOnce upon America | ||
| 650 | _aEarthquakes -- California -- San Francisco -- | ||
| 650 | _aEarthquakes -- California -- San Francisco -- | ||
| 650 | _aHorses -- | ||
| 650 | _aSan Francisco (Calif.) -- | ||
| 650 | _xFiction. | ||
| 650 | _xFiction. | ||
| 650 | _xFiction. | ||
| 650 | _xJuvenile fiction. | ||
| 700 | _a540 | ||
| 999 |
_c298550 _d298550 |
||